Statistics for USMNT Squad

Click here to take the quiz!

General Stats

  • This quiz has been taken 4 times
  • The average score is 6 of 25

Answer Stats

PositionClubPlayer% Correct
GKInter Miami CFDrake Callender
100%
CMColumbus CrewAidan Morris
50%
LBAtlanta UnitedCaleb Wiley
50%
CMPhiladelphia UnionJack McGlynn
50%
LBNew York Red BullsJohn Tolkin
50%
CBFC CincinnatiMiles Robinson
50%
CMLos Angeles FCTimothy Tillman
50%
CAMSt. Louis CityAziel Jackson
25%
LWSan Jose EarthquakesCade Cowell
25%
LBNew England RevolutionDeJuan Jones
25%
LWReal Salt LakeDiego Luna
25%
CDM/CBNew York City FCJames Sands
25%
CDMSeattle Sounders FCJoshua Atencio
25%
GKColumbus CrewPatrick Schulte
25%
RBNashville SCShaq Moore
25%
RWFC DallasBernard Kamungo
0%
ST/RW/LWVancouver WhitecapsBrian White
0%
STOrlando CityDuncan McGuire
0%
RWNew England RevolutionEsmir Bajraktarevic
0%
CBFC CincinnatiIan Murphy
0%
CBSeattle Sounders FCJackson Ragen
0%
RBPhiladelphia UnionNathan Harriel
0%
CBFC DallasNkosi Tafari
0%
GKFC CincinnatiRoman Celentano
0%
CM/CBColumbus CrewSean Zawadzki
0%

Score Distribution

Percentile by Number Answered

Percent of People with Each Score

Your Score History

You have not taken this quiz